[Event "CRO-ch 2019"]
[Site "Bjelovar"]
[Date "2019.04.01"]
[Round "1.1"]
[White "Brkic, Ante"]
[Black "Bosiocic, Marin"]
[Result "1-0"]
[WhiteElo "2560"]
[BlackElo "2613"]
[Annotator "TA"]
[PlyCount "72"]
[EventDate "2019.04.01"]
[EventType "tourn"]
[EventCountry "CRO"]
[SourceTitle "playchess.com"]
[Source "ChessBase"]
[SourceQuality "1"]

{[%evp 17,72,10,21,14,18,7,39,31,58,58,64,64,67,57,56,46,49,66,58,17,84,66,62,73,99,91,139,148,157,94,116,139,145,152,267,136,144,136,358,379,301,246,379,379,331,326,306,315,421,400,526,519,618,611,608,603,636]} 1. e4 e5 2. Nf3 Nc6 3. Bc4 Bc5 4. O-O Nf6 5. d3 a6 6. c3 Ba7 7. Bb3 d6 8. Re1 O-O 9. h3 Be6 10. Nbd2 {C54: Giuoco Piano: 4 c3 Nf6, main lines with 5 d4 and 5 d3} (10. Bxe6 fxe6 11. Be3 Bxe3 12. Rxe3 Nd7 13. Nbd2 a5 14. Nf1 Qe7 15. Ng3 Rf7 16. Qb3 Nc5 17. Qc4 Rb8 {0-1 (38) Gledura,B (2621)-Rodshtein,M (2674) Batumi 2018}) 10... Re8 11. Nf1 d5 12. Ng5 {White is slightly better.} d4 $146 ({Predecessor:} 12... Qd6 13. Ng3 Na5 14. Bc2 d4 15. Nxe6 fxe6 16. c4 b5 17. Bd2 Nc6 18. cxb5 axb5 {0-1 (60) Kacharava,N (2180)-Kaasen,T (2402) Kirishi 2017}) 13. Nxe6 fxe6 14. c4 Rb8 15. Bd2 Bc5 16. Ba4 b5 17. cxb5 axb5 18. Rc1 Qd6 (18... Qe7 $11 {remains equal.} 19. Bb3 Rb6) 19. Bb3 $16 Nb4 20. Qe2 Na6 21. f4 Kh8 22. Nh2 Nd7 23. fxe5 ({White should try} 23. Nf3 $1) 23... Qxe5 24. Nf3 Qg3 25. e5 Bb6 (25... Qg6 $16 26. Rf1 Re7) 26. Rc6 (26. Ng5 $1 $18) 26... Nac5 27. Bc2 {aiming for b4.} Ra8 $2 {[#]} (27... Qg6 $16) 28. b4 $1 $18 ({Don't blunder} 28. Nxd4 $2 {[#]} Nb3 $1 $19 {[%mdl 512]}) 28... Rxa2 29. Bb1 Rb2 (29... Rxd2 $142 30. Qxd2 (30. Nxd2 Na6 $11) 30... Nb7) 30. bxc5 Nxc5 {[#]} 31. Bf4 $1 {[%mdl 512]} Rxe2 {[%csl Ge2][%cal Rg3g2]} (31... Qxf4 32. Qxb2) 32. Bxg3 Rb2 33. Bf2 Rd8 34. Bxd4 {White is clearly winning.} Rxd4 35. Nxd4 Kg8 36. Kh1 b4 {Accuracy: White = 64%, Black = 30%.} 1-0

[Event "CRO-ch 2019"]
[Site "Bjelovar"]
[Date "2019.04.01"]
[Round "1.2"]
[White "Saric, Ante"]
[Black "Kurajica, Bojan"]
[Result "1-0"]
[WhiteElo "2530"]
[BlackElo "2522"]
[Annotator "TA"]
[PlyCount "83"]
[EventDate "2019.04.01"]
[EventType "tourn"]
[EventCountry "CRO"]
[SourceTitle "playchess.com"]
[Source "ChessBase"]
[SourceQuality "1"]

{[%evp 9,83,7,34,34,48,35,41,39,51,27,38,38,36,5,44,0,60,0,58,57,80,59,101,61,57,37,54,0,65,41,83,90,94,87,107,103,111,111,86,92,122,132,152,146,147,110,201,147,125,118,159,91,91,92,127,82,77,91,94,97,84,81,89,91,335,126,348,350,345,318,312,309,314,340,312,262]} 1. d4 Nf6 2. c4 e6 3. Nf3 Bb4+ 4. Bd2 a5 5. Qc2 d5 6. a3 {E11: Bogo-Indian} (6. g3 c5 7. Bg2 cxd4 8. cxd5 Nxd5 9. Nxd4 O-O 10. O-O Qb6 11. e3 Bd7 12. Nc3 Nf6 13. a3 Bc5 14. Nf3 Rc8 {0-1 (73) Esipenko,A (2593)-Short,N (2646) Moscow 2018}) 6... Be7 7. Nc3 c5 8. cxd5 {White is slightly better.} exd5 9. Bg5 $146 {Black should prevent dxc5.} ({Predecessor:} 9. dxc5 Be6 10. e3 O-O 11. Be2 Bxc5 12. O-O Nc6 13. Nb5 Bb6 {½-½ (31) Joshi,M (2178)-Karthikeyan,P (2398) Bhiwani 2010}) 9... cxd4 10. Nxd4 Nc6 11. Rd1 O-O 12. e3 Be6 (12... h6 $11 13. Bxf6 Bxf6) 13. Be2 (13. Nf5 $14) 13... Qb6 ({Black should try} 13... Nxd4 $11 14. Rxd4 Rc8) 14. O-O $14 Rac8 15. Qb1 Rfe8 16. Na4 Qd8 $1 17. Nf5 Bf8 18. Nd4 Be7 19. Bf4 Bf8 20. Nxc6 bxc6 21. Ba6 $1 Rc7 22. Bxc7 Qxc7 23. Qc2 Ng4 {[%csl Gg4][%cal Rc7h2]} 24. g3 Qe5 25. Be2 ({Much less strong is} 25. Qxc6 Nf6 $18) 25... Qh5 {[%csl Gg4][%cal Rh5h2]} 26. Bxg4 Bxg4 27. Rd4 $1 ({Don't blunder} 27. Qxc6 $2 Bf3 $19) 27... g5 (27... Re6 $16) 28. Rxg4 Qxg4 29. Qxc6 Re6 30. Qc2 (30. Qd7 $142 $1) 30... Rh6 $16 31. Nc3 Qh3 {[%csl Gh6][%cal Rh3h2]} 32. f3 Bd6 {...Bxg3 is the strong threat.} 33. Qf2 ({Of course not} 33. Nxd5 Bxg3 34. Nf6+ Rxf6 $17) 33... Bc5 {aiming for ...Bxe3!} 34. Nxd5 Rd6 35. Nc3 {Hoping for Ne4.} Rd3 36. Re1 f5 $2 {[#]} (36... Qe6 $16) 37. f4 $2 (37. b4 $1 $18 {[%cal Rb4c5] and the rest is easy.} axb4 38. axb4 Bxb4 39. Qa2+ Kg7 40. Rd1 Rxd1+ 41. Nxd1) 37... gxf4 $2 (37... Qh5 $16 {was necessary.} 38. fxg5 Qxg5) 38. Qxf4 $18 {Black must now prevent Qc4+.White has a decisive advantage.} Qg4 39. Qb8+ Bf8 40. Qb5 Rd2 41. Re2 Rxe2 42. Qxe2 {Accuracy: White = 55%, Black = 42%.} 1-0

[Event "CRO-ch 2019"]
[Site "Bjelovar"]
[Date "2019.04.01"]
[Round "1.3"]
[White "Kovacevic, Blazimir"]
[Black "Zelcic, Robert"]
[Result "0-1"]
[WhiteElo "2475"]
[BlackElo "2520"]
[Annotator "TA"]
[PlyCount "76"]
[EventDate "2019.04.01"]
[EventType "tourn"]
[EventCountry "CRO"]
[SourceTitle "playchess.com"]
[Source "ChessBase"]
[SourceQuality "1"]

{[%evp 23,76,21,15,16,13,22,17,0,8,0,0,0,14,-6,-7,-8,-3,-7,0,0,0,-5,0,-33,-32,-35,-9,-16,-9,-247,-254,-223,-228,-218,-236,-462,-453,-489,-506,-470,-489,-449,-394,-827,-827,-827,-561,-827,-827,-5531,-5277,-29983,-29984,-29996,-29997]} 1. Nf3 d5 2. g3 c5 3. Bg2 Nf6 4. O-O Nc6 5. d4 e6 6. c4 dxc4 7. dxc5 Qxd1 8. Rxd1 Bxc5 9. Nbd2 c3 10. bxc3 O-O 11. Nb3 Be7 12. Nfd4 Bd7 13. Nxc6 {E04: Open Catalan: 5 Nf3} Bxc6 14. Bxc6 bxc6 15. Bg5 {[#] The position is equal.} a5 $146 ({Predecessor:} 15... h6 16. Bxf6 Bxf6 17. Rac1 Rfb8 18. Rc2 Rd8 19. Rxd8+ Rxd8 20. c4 Kf8 {½-½ (31) Malakhov,V (2654)-Harikrishna,P (2729) Germany 2018}) 16. Rab1 h6 17. Bxf6 Bxf6 18. c4 Rfb8 19. Nc5 Rb4 20. Nd7 Bb2 21. Rd3 a4 22. Rd2 a3 23. Rc2 Raa4 $36 {[%mdl 2048] Black has good play.} 24. c5 $1 Bd4 25. Rxb4 Rxb4 $11 {[%mdl 4096] Endgame KRB-KRN} 26. e3 $2 {[#]} (26. Rd2 $11 {and White is okay.}) 26... Rb1+ $1 $19 27. Kg2 Rb2 28. Rc4 Bxe3 $1 29. Kf3 $2 (29. Ra4 {keeps fighting.} Rxf2+ 30. Kh1) 29... Bxf2 30. Ra4 g5 31. Rxa3 f5 32. g4 Bd4 {[#] Strongly threatening ...Rf2+.} 33. Ra4 $2 (33. gxf5 exf5 34. h4) 33... Rf2+ 34. Kg3 f4+ 35. Kh3 Rd2 36. Ra8+ Kf7 37. Ra7 Ke8 38. Nb8 Bg1 {Accuracy: White = 18%, Black = 76%.} 0-1

[Event "CRO-ch 2019"]
[Site "Bjelovar"]
[Date "2019.04.01"]
[Round "1.4"]
[White "Martinovic, Sasa"]
[Black "Saric, Ivan"]
[Result "0-1"]
[WhiteElo "2555"]
[BlackElo "2691"]
[Annotator "TA"]
[PlyCount "118"]
[EventDate "2019.04.01"]
[EventType "tourn"]
[EventCountry "CRO"]
[SourceTitle "playchess.com"]
[Source "ChessBase"]
[SourceQuality "1"]

{[%evp 30,118,0,0,1,17,32,0,53,37,62,72,47,0,21,0,0,0,0,0,0,0,0,0,0,0,0,0,0,0,0,-40,0,-15,43,-54,-62,-63,-66,-58,-65,-112,-100,-102,-93,-105,-102,-95,-90,-169,-162,-158,-155,-153,-141,-167,-165,-245,-272,-330,-229,-370,-355,-389,-389,-452,-441,-442,-361,-500,-477,-775,-726,-1706,-1540,-1792,-1529,-4137,-3112,-4137,-4137,-4137,-4048,-29976,-29978,-29974,-29977,-29985,-29985,-29985,-29985]} 1. d4 Nf6 2. c4 c6 3. Nc3 d5 4. e3 e6 5. Nf3 Nbd7 6. Qc2 Bd6 7. Bd3 O-O 8. O-O dxc4 9. Bxc4 b5 10. Be2 Bb7 11. e4 e5 12. dxe5 {D46: Semi-Slav: 5 e3 Nbd7 6 Bd3, Black avoids the Meran} Nxe5 13. Nd4 {[%cal Bf3d4,Bd4f5,Bf5h6,Bh6g4,Bg4e5][%mdl 32]} (13. Nh4 Bc8 14. h3 Ng6 15. Nf5 Bxf5 16. exf5 Nf4 17. Bf3 Rc8 18. Rd1 Qe7 19. Be3 Rfd8 {1-0 (56) Aronian,L (2793)-Giri,A (2771) Leuven 2017}) 13... Neg4 14. g3 Bc5 15. Nf5 Re8 16. Bf4 {LiveBook: 26 Games} Qb6 {[%cal Rg4f2]} 17. Bxg4 Nxg4 18. Rac1 g6 ({Black should play} 18... h5 $11) 19. h3 $1 $14 Ne5 $146 ({Predecessor:} 19... gxf5 20. hxg4 fxg4 {1-0 (59) Vuillemin,G (2151)-Price,D (2005) ICCF email 2016}) 20. Nh6+ Kg7 21. b4 (21. Bxe5+ $5 Rxe5 22. Ng4 $14) 21... Bd6 {Hoping for ...Nf3+.} 22. Ng4 Nf3+ 23. Kg2 Bxf4 $1 24. gxf4 Nd4 $1 {[%cal Rd4c2]} 25. Qb2 h5 26. Ne5 {aiming for Rfd1.} Rad8 27. Rfd1 f6 $36 {[%mdl 2048] Black is more active.} 28. Nd3 $1 Ne6 {And now ...Rxd3! would win.} 29. Kg1 Bc8 30. Qe2 Rd4 31. Qe3 Rd7 (31... Rc4 $11) 32. Ne2 (32. Qg3 $14 Nd4 33. Kh1) 32... Qxe3 $15 33. fxe3 Red8 34. Nf2 Rxd1+ 35. Rxd1 Rxd1+ 36. Nxd1 {[%mdl 4096] Endgame KBN-KNN} c5 $1 {[%cal Rc5b4]} 37. a3 cxb4 38. axb4 {[#]} Nc7 $1 39. h4 (39. Nf2 $17 {might work better.}) 39... Na6 $19 40. Ndc3 Nxb4 41. Nxb5 a5 {[%cal Ba7a5,Ba5a4][%mdl 32]} 42. Ned4 Nd3 43. Nd6 (43. Kg2 {was called for.}) 43... Ba6 44. N6b5 a4 45. Nc3 {[#]} (45. Na3 $142) 45... Nc5 $1 46. Kf2 Bd3 47. Ke1 Bxe4 48. Kd2 Kf7 49. Ncb5 {[#]} g5 $1 {[%mdl 512]} 50. fxg5 (50. Ke1 $142 gxh4 51. Kf2) 50... fxg5 51. hxg5 h4 {[%cal Bh5h4,Bh4h3,Bh3h2][%mdl 32]} 52. Ne2 h3 53. Ng3 h2 54. Kc3 Bc6 55. Nd6+ Kg6 56. Kb4 {[#]} Ne4 $1 {[%mdl 512] Black mates.} 57. Ndxe4 Bxe4 58. Kxa4 Bc6+ 59. Kb4 Kxg5 {Precision: White = 32%, Black = 75%.} 0-1

[Event "CRO-ch 2019"]
[Site "Bjelovar"]
[Date "2019.04.01"]
[Round "1.5"]
[White "Jovanovic, Zoran"]
[Black "Stevic, Hrvoje"]
[Result "1/2-1/2"]
[WhiteElo "2511"]
[BlackElo "2586"]
[Annotator "TA"]
[PlyCount "33"]
[EventDate "2019.04.01"]
[EventType "tourn"]
[EventCountry "CRO"]
[SourceTitle "playchess.com"]
[Source "ChessBase"]
[SourceQuality "1"]

{[%evp 11,33,10,21,19,19,12,10,20,17,20,12,8,8,-4,-17,-25,-23,-34,-29,-33,0,0,0,-16]} 1. e4 e5 2. Nf3 Nc6 3. Bc4 Bc5 4. c3 Nf6 5. d3 d6 6. Bb3 a6 7. h3 {C54: Giuoco Piano: 4 c3 Nf6, main lines with 5 d4 and 5 d3} h6 8. Nbd2 {[%cal Bb1d2,Bd2f1,Bf1g3][%mdl 32]} O-O 9. O-O ({Predecessor:} 9. Nf1 Be6 10. Ng3 Bxb3 11. axb3 d5 12. O-O dxe4 13. dxe4 Qxd1 14. Rxd1 {1-0 (46) Ponomariov,R (2699)-Leko,P (2678) Biel 2017}) 9... Re8 10. Re1 Be6 11. Nf1 d5 12. Ng3 (12. Qc2 {seems wilder.} Qd7 13. Be3 Bd6 14. Bd2 Bc5 15. exd5 Bxd5 16. Bxd5 Qxd5 17. b4) 12... dxe4 $146 (12... Qd7 13. exd5 Bxd5 14. Bc2 Rad8 {0-1 (46) Amin,B (2710)-Mamedyarov,S (2817) St Petersburg 2018}) 13. dxe4 Qxd1 14. Rxd1 Bxb3 15. axb3 Rad8 16. Rxd8 Rxd8 17. Kf1 1/2-1/2

[Event "CRO-ch 2019"]
[Site "Bjelovar"]
[Date "2019.04.01"]
[Round "1.6"]
[White "Kozul, Zdenko"]
[Black "Jovanic, Ognjen"]
[Result "1-0"]
[WhiteElo "2589"]
[BlackElo "2515"]
[Annotator "TA"]
[PlyCount "125"]
[EventDate "2019.04.01"]
[EventType "tourn"]
[EventCountry "CRO"]
[SourceTitle "playchess.com"]
[Source "ChessBase"]
[SourceQuality "1"]

{[%evp 9,125,21,23,20,22,22,22,22,22,20,30,44,21,19,32,26,27,25,20,0,6,0,0,0,14,10,5,-12,-4,-20,0,0,0,0,0,0,0,0,0,0,0,0,10,0,16,27,89,82,79,32,34,37,40,35,38,33,35,31,34,36,54,43,106,66,85,70,41,57,57,57,220,33,57,57,60,74,51,57,80,80,98,98,253,248,263,268,516,503,484,500,704,693,654,636,1011,545,902,969,1567,917,1135,1092,2770,5072,1912,1779,29949,8859,6758,6414,29952,29953,29954,29955,12830,9781,6087,3827]} 1. d4 d5 2. c4 c6 3. Nc3 Nf6 4. e3 a6 5. Nf3 Bf5 6. Bd3 {D15: Slav Defence: 4 Nc3 a6 and gambit lines after 4 Nc3 dxc4} (6. c5 {is more complex.} h6 7. b4 e6 8. a4 Be7 9. Be2) (6. Qb3 Ra7 7. Nh4 Bc8 8. Bd2 e6 9. c5 Nbd7 10. Nf3 e5 11. Nxe5 Nxe5 12. dxe5 Nd7 13. Na4 Bxc5 14. Nxc5 Nxc5 {0-1 (84) Radjabov,T (2757)-Fedoseev,V (2724) Wijk aan Zee 2019}) 6... Bxd3 7. Qxd3 e6 8. O-O {The position is equal.} Bb4 9. a3 Bxc3 10. bxc3 O-O 11. a4 Nbd7 12. Ba3 Re8 13. cxd5 cxd5 14. c4 $146 Qa5 15. Rfb1 dxc4 16. Qxc4 Rac8 17. Qb3 b6 18. Bb4 Qd5 {Strongly threatening ...Rc1+!} 19. Qd3 Qc4 20. Qa3 Qd5 21. Be1 Rc6 22. Qd3 Qc4 (22... a5 {with more complications.} 23. Nd2 e5 24. f3 Nc5 25. Qb5 exd4 26. e4 Qd7) 23. Qxc4 Rxc4 24. Nd2 Rc2 25. e4 Rec8 26. f3 Ne8 27. Nf1 f6 (27... a5 $11 {keeps the balance.}) 28. Ne3 R2c7 29. Bg3 Rc3 30. Kf2 Kf7 31. Ke2 g6 32. Be1 R3c7 33. g4 Nd6 34. Bg3 Ke7 35. h4 Rb7 (35... Rc6 $14) 36. g5 {Threatens to win with gxf6+.} f5 37. Bxd6+ (37. h5 {feels hotter.} Nf8 38. Bxd6+ Kxd6 39. e5+ Ke7 40. h6) 37... Kxd6 38. e5+ Ke7 39. f4 h5 $2 ({Better is} 39... Rc3 $14) 40. Rb2 $2 (40. gxh6 $18 Rh8 41. h5) 40... Rc3 41. Kd2 $36 {[%mdl 2048] Black is under pressure.} Rbc7 42. Rc2 Rxc2+ 43. Nxc2 $16 {[%mdl 4096] Endgame KRN-KRN} Rb7 44. Ne3 Nb8 45. Rc1 Kd8 $2 {[#]} (45... b5 $16) 46. d5 $1 $18 exd5 47. Kd3 b5 $2 (47... Kd7 48. Nxd5 b5) 48. Nxd5 Kd7 49. a5 b4 50. Nb6+ Ke7 51. Rc8 Nd7 52. Rc6 Nf8 53. Nd5+ {[%mdl 64] Discovered Attack} Kf7 54. Rf6+ Kg7 55. e6 Nh7 {[#]} 56. Rf7+ $1 {[%mdl 512]} Rxf7 57. exf7 {KN-KN} Nf8 58. Nxb4 Ne6 59. Nxa6 Nxf4+ 60. Kc4 Ne6 61. Nc5 Nc7 62. Nd3 Kxf7 63. Nf4 {Accuracy: White = 74%, Black = 33%.} 1-0

[Event "CRO-ch 2019"]
[Site "Bjelovar"]
[Date "2019.04.02"]
[Round "2.1"]
[White "Bosiocic, Marin"]
[Black "Jovanic, Ognjen"]
[Result "1/2-1/2"]
[WhiteElo "2613"]
[BlackElo "2515"]
[Annotator "TA"]
[PlyCount "121"]
[EventDate "2019.04.01"]
[EventType "tourn"]
[EventCountry "CRO"]
[SourceTitle "playchess.com"]
[Source "ChessBase"]
[SourceQuality "1"]

{[%evp 15,121,22,27,0,0,0,0,0,60,52,50,26,32,19,14,19,27,23,25,24,152,164,150,158,143,137,137,145,175,158,170,167,174,174,170,177,213,213,226,221,221,224,213,145,156,145,147,148,327,313,320,327,270,262,514,189,208,208,208,208,208,208,208,208,208,208,208,208,208,208,208,208,208,208,208,208,208,208,208,208,208,208,208,203,203,203,203,203,203,203,203,203,203,203,203,203,203,203,203,203,203,188,203,203,203,203,203,203]} 1. e4 e5 2. Nf3 Nf6 3. d4 Nxe4 4. Bd3 d5 5. Nxe5 Nd7 6. Nxd7 Bxd7 7. O-O Be7 8. c4 Nf6 {LiveBook: 52 Games} 9. cxd5 {C43: Petroff Defence: 3 d4} (9. Nc3 dxc4 10. Bxc4 O-O 11. Re1 c6 12. h3 Bf5 13. Bf4 Bb4 14. a3 Bxc3 15. bxc3 Nd5 16. Be5 Qd7 17. Qf3 Bg6 18. Bb3 b5 19. a4 a6 20. axb5 axb5 {½-½ (30) Kuzubov,Y (2660)-Rakhmanov,A (2627) Ankara 2018}) 9... Nxd5 10. Re1 c6 $146 ({Predecessor:} 10... Be6 11. Rxe6 fxe6 12. Qh5+ Kd7 13. Nc3 Nxc3 14. bxc3 c6 15. Rb1 b6 16. c4 Kc7 {1-0 (40) Steflitsch,E (2336)-Penz,H (2403) Austria 2000}) 11. Nc3 {The position is equal.} Nxc3 (11... Be6 $11) 12. bxc3 $14 O-O 13. Rb1 b6 14. Qh5 {[%csl Gd3][%cal Rh5h7]} g6 $1 {[%cal Rg6h5]} 15. Qf3 Bg5 16. Bxg5 Qxg5 17. Re5 Qg4 (17... Qh6 $11 {keeps the balance.}) 18. Qf6 $1 $36 {[%mdl 2048] White has strong initiative.} Rae8 19. Be2 $1 {[%cal Re2g4]} Qxe2 20. Rxe2 Rxe2 21. h4 h5 22. a4 {[%cal Ba2a4,Ba4a5][%mdl 32]} Rfe8 23. Qd6 Bf5 24. Ra1 Rc8 25. a5 Re6 26. Qb4 Rb8 27. c4 Ree8 28. axb6 axb6 29. Ra6 c5 30. dxc5 bxc5 31. Qxc5 Re1+ $2 (31... Be6 $16 32. Qd4 Rec8) 32. Kh2 $18 Re4 {[#]} 33. f3 $1 {[%cal Rf3e4]} Rxh4+ 34. Kg3 Rc8 $2 {[#]} (34... Rh1 35. Qe7 Rf8) 35. Ra8 $2 (35. Rxg6+ $3 {[%mdl 512]} fxg6 (35... Bxg6 36. Qxc8+) 36. Qd5+ Kg7 37. Kxh4) 35... Rh3+ {White is clearly better.} 36. gxh3 Rxa8 {[%mdl 4096] Endgame KQ-KRB} 37. Qd5 Re8 38. c5 {[%cal Bc4c5,Bc5c6,Bc6c7][%mdl 32]} Kg7 39. c6 f6 40. c7 Bc8 41. h4 Bf5 42. Kf2 Bc8 43. Qa8 Kf7 44. Qa7 Kf8 45. Qa4 Kf7 46. Qc4+ Kg7 47. Qc1 Bf5 48. Qc6 Kf7 49. f4 Bc8 50. Qc2 Bf5 51. Qa2+ Kg7 52. Qa7 Kf8 53. Qb7 Bc8 54. Qb2 Kf7 55. Qc1 Kg7 56. Qd2 Bf5 57. Kg1 Kf7 58. Kf1 Bh3+ 59. Kf2 Bf5 60. Qd5+ Kg7 61. Qc6 {Accuracy: White = 70%, Black = 65%.} 1/2-1/2

[Event "CRO-ch 2019"]
[Site "Bjelovar"]
[Date "2019.04.02"]
[Round "2.2"]
[White "Stevic, Hrvoje"]
[Black "Kozul, Zdenko"]
[Result "1/2-1/2"]
[WhiteElo "2586"]
[BlackElo "2589"]
[Annotator "TA"]
[PlyCount "40"]
[EventDate "2019.04.01"]
[EventType "tourn"]
[EventCountry "CRO"]
[SourceTitle "playchess.com"]
[Source "ChessBase"]
[SourceQuality "1"]

{[%evp 13,40,11,8,6,8,8,18,16,14,14,16,16,11,13,15,15,14,13,16,10,6,0,0,14,8,0,0,2,16]} 1. e4 c5 2. c3 Nf6 3. e5 Nd5 4. Nf3 e6 5. Bc4 d6 6. d4 cxd4 7. cxd4 Be7 {The position is equal.} 8. O-O {B22: Sicilian: 2 c3} O-O 9. Re1 (9. Qe2 Nc6 10. Rd1 Na5 11. Bxd5 exd5 12. Nc3 Be6 13. Bf4 a6 14. h3 Re8 15. exd6 Bxd6 16. Bxd6 Qxd6 17. Qe5 Nc4 18. Qxd6 Nxd6 {½-½ (32) Nisipeanu,L (2672)-Grischuk,A (2785) Heraklio 2017}) 9... dxe5 (9... b6 10. Bxd5 exd5 11. Nc3 Be6 12. Bf4 dxe5 13. Nxe5 a6 14. Na4 Re8 15. Rc1 Bf6 {1-0 (32) Stevic,H (2620)-Kozul,Z (2588) Porec 2014}) 10. dxe5 b6 11. Bxd5 $146 ({Predecessor:} 11. Qd4 Ba6 12. Qg4 Bxc4 13. Bh6 Bf6 14. Qxc4 gxh6 15. exf6 Qxf6 {1-0 (39) Cherniaev,A (2504)-Pavlovic,M (2560) Catalan Bay 2003}) 11... Qxd5 12. Qxd5 exd5 13. Nc3 Bb4 14. Bd2 Bxc3 15. Bxc3 Nc6 16. Rac1 Be6 17. Nd4 Nxd4 18. Bxd4 Rfc8 19. b3 h5 20. f3 Kh7 1/2-1/2

[Event "CRO-ch 2019"]
[Site "Bjelovar"]
[Date "2019.04.02"]
[Round "2.3"]
[White "Saric, Ivan"]
[Black "Jovanovic, Zoran"]
[Result "1/2-1/2"]
[WhiteElo "2691"]
[BlackElo "2511"]
[Annotator "TA"]
[PlyCount "93"]
[EventDate "2019.04.01"]
[EventType "tourn"]
[EventCountry "CRO"]
[SourceTitle "playchess.com"]
[Source "ChessBase"]
[SourceQuality "1"]

{[%evp 13,93,35,27,19,23,16,32,0,0,0,0,0,0,0,15,6,10,16,11,11,13,8,4,4,11,16,11,10,21,13,27,22,36,0,0,0,0,-35,-25,-18,102,49,89,34,134,132,155,159,275,267,267,267,267,181,196,186,171,119,119,119,141,0,0,0,0,0,29,0,0,0,0,0,0,0,0,0,0,0,0,0,0,0]} 1. e4 d6 2. d4 Nf6 3. Nc3 e5 4. Nf3 Nbd7 5. Bc4 Be7 6. a4 O-O 7. O-O a5 8. h3 {C41: Philidor Defence} Nb6 9. Ba2 exd4 10. Nxd4 {White is slightly better.} Nfd7 11. Qh5 $146 ({Predecessor:} 11. Be3 Nc5 12. Qh5 g6 13. Qf3 Bg5 14. e5 Bxe3 15. Qxe3 {0-1 (35) Bedouin,X (2348)-Cornette,M (2593) Rochefort 2017}) 11... Nc5 12. Nf3 Be6 13. Be3 Nbd7 14. Nd4 Bxa2 15. Rxa2 Bf6 16. Qe2 Re8 17. f3 c6 18. Qf2 g6 19. Raa1 {[%cal Ba2a1,Ba1d1,Bd1d4][%mdl 32]} Qe7 20. Rfe1 h5 21. Rad1 Rad8 22. b3 Be5 23. Bc1 {[#]} d5 $1 {[%mdl 512]} 24. f4 $1 {[%cal Rf4e5]} (24. exd5 Bxd4) 24... Bxd4 25. Rxd4 Nxe4 26. Nxe4 {Strongly threatening f5.} dxe4 (26... f5 $1 $11 {remains equal.}) 27. f5 (27. Rexe4 $16 Qxe4 28. Rxe4 Rxe4 29. Bb2) 27... Nc5 28. Be3 (28. Bb2 $16 b6 29. Rxd8 Qxd8 30. fxg6 fxg6 31. Qf4 (31. Rf1 Rf8 $11)) 28... b6 (28... Na6 $14) 29. fxg6 $16 fxg6 {[#]} 30. Qg3 $1 Kh7 (30... Qe6 $16) 31. Bg5 $18 Rxd4 32. Bxe7 Rxe7 33. Qb8 Nd7 34. Qd8 {[%mdl 1024] White has strong compensation.} Re6 35. Kf2 ({White should try} 35. c3 $18 Rd3 36. b4) 35... c5 36. Ke2 Kg7 37. g4 (37. Qc7 $16) 37... Nf6 $11 38. Qc7+ Rd7 39. Qc8 {aiming for g5.} Ree7 40. Rf1 {Qc6 is the strong threat.} e3 {The position is equal.} 41. Rxf6 Kxf6 42. gxh5 gxh5 {KQ-KRR} 43. Qf8+ Kg6 44. Qg8+ Kf6 45. Qf8+ Kg6 46. Qg8+ Kf5 47. Qf8+ {Accuracy: White = 76%, Black = 50%.} 1/2-1/2